00681nam a2200181Ia 4500999001500000020001800015082002300033100002400056245004900080260004000129300001300169504001900182650005100201650004000252650004300292942000700335952015700342 c8985d8985 a9788131608364 a305.80095484 RAO-T aRao, Palla Trinadha 0aTribal land question: Case of Andhra Pradesh aNew DelhibRawat Publicationsc2017 axxi,256p aIncludes index aIndian reservationszAndhra PradeshzTelangana aLand usezAndhra PradeshzTelangana aLand tenurezAndhra PradeshzTelangana cBK 00104070aNASSDOCbNASSDOCd2017-08-01eGifted by : RPs Division, ICSSRi2017-05-26l0o305.80095484 RAO-Tp49275r2019-04-18 00:00:00w2019-04-18yBK